| 000 | 00659nam a2200217Ia 4500 | ||
|---|---|---|---|
| 005 | 20230427110924.0 | ||
| 008 | 210716s1973 xx 000 0 und d | ||
| 020 | _a0876921357 | ||
| 040 | _cAIMIT LIBRARY | ||
| 041 | _aeng | ||
| 082 |
_a005.42 _21 _bHANP |
||
| 100 |
_aHansen, Per Brinch. _993826 |
||
| 245 |
_aOperating system principles / _cBy Hansen, Per Brinch. |
||
| 250 | _a1st ed. | ||
| 260 |
_aNew Delhi : _bPHI Learning Pvt Ltd , _c1973. |
||
| 300 |
_axviii,366p.; _bPB _c24.5 cm. |
||
| 650 |
_aSequential processes _993827 |
||
| 650 |
_aStore management _993828 |
||
| 650 |
_aScheduling algorithms _993829 |
||
| 942 |
_2ddc _cBK _e1st _k005.42 HANP |
||
| 999 |
_c182195 _d182195 |
||